[Event "FICS rated standard game"]
[Site "FICS freechess.org"]
[Date "2009.02.11"]
[Round "?"]
[White "BlinkingSpirit"]
[Black "jfhorizon"]
[Result "1/2-1/2"]
[WhiteElo "2097"]
[BlackElo "2123"]
[PlyCount "79"]
[EventDate "2009.??.??"]
[SourceTitle "OM Portal C 201906"]
[Source "Opening Master"]
[SourceDate "2019.06.27"]
[SourceVersion "1"]
[SourceVersionDate "2019.06.27"]
[SourceQuality "1"]

1. e4 e5 2. Nf3 Nc6 3. c3 Nf6 4. d4 exd4 5. e5 Ne4 6. Qe2 Nc5 7. cxd4 Na6 8. d5
Ncb4 9. Nc3 c6 10. d6 Qa5 11. Qd1 Nc5 12. Be2 Ne4 13. O-O Nxc3 14. bxc3 Nd5 15.
c4 Nc3 16. Bd2 Nxe2+ 17. Qxe2 Qa6 18. Ng5 h6 19. Qh5 g6 20. Qh4 Rg8 21. Ne4 g5
22. Nf6+ Kd8 23. Qh5 Rg6 24. Bxg5 Qxc4 25. Nd5+ Rxg5 26. Qxf7 Rxg2+ 27. Kh1
Rxh2+ 28. Kxh2 Qh4+ 29. Kg2 Qg4+ 30. Kh2 Qh4+ 31. Kg2 Qg4+ 32. Kh2 Qh4+ 33. Kg2
Qg4+ 34. Kh2 Qh4+ 35. Kg2 Qg4+ 36. Kh2 Qh4+ 37. Kg2 Qg4+ 38. Kh2 Qh4+ 39. Kg2
Qg4+ 40. Kh2 1/2-1/2

[Event "Lienz op 15th"]
[Site "Lienz"]
[Date "2009.02.10"]
[Round "5"]
[White "Hug, Marcel"]
[Black "Fruehauf, Norbert"]
[Result "1-0"]
[WhiteElo "2257"]
[BlackElo "2069"]
[PlyCount "57"]
[EventDate "2009.02.07"]
[EventType "swiss"]
[EventRounds "9"]
[EventCountry "AUT"]
[SourceTitle "CBM 128 Extra"]
[Source "ChessBase"]
[SourceDate "2009.03.05"]
[SourceVersion "2"]
[SourceVersionDate "2009.03.25"]
[SourceQuality "1"]

1. e4 e5 2. Nf3 Nc6 3. c3 Nf6 4. d4 Nxe4 5. d5 Ne7 6. Nxe5 Ng6 7. Nxg6 hxg6 8.
Qf3 Nf6 9. Bd3 Rh5 10. c4 Bb4+ 11. Nc3 Qe7+ 12. Be3 d6 13. Kd2 Bg4 14. Qf4 Re5
15. Rhe1 g5 16. Qg3 Kf8 17. f3 Bd7 18. Bd4 Nh5 19. Bxe5 dxe5 20. Qxe5 Nf4 21.
Qxe7+ Bxe7 22. Bf1 Bc5 23. g3 Ng6 24. Bd3 Ne7 25. a3 f6 26. b4 Bd4 27. Re4 Be5
28. f4 gxf4 29. gxf4 1-0

[Event "CZE-chT2A 0809"]
[Site "Czechia"]
[Date "2009.02.08"]
[Round "8.5"]
[White "Palkova, Katerina"]
[Black "Kotrba, Tomas"]
[Result "1-0"]
[WhiteElo "2054"]
[BlackElo "2133"]
[PlyCount "117"]
[EventDate "2008.10.12"]
[EventType "team-tourn"]
[EventRounds "11"]
[EventCountry "CZE"]
[SourceTitle "EXT 2010"]
[Source "ChessBase"]
[SourceDate "2009.11.30"]
[SourceVersion "1"]
[SourceVersionDate "2009.11.30"]
[SourceQuality "1"]
[WhiteTeam "Klatovy Sokol "]
[BlackTeam "Zizkov"]
[WhiteTeamCountry "CZE"]
[BlackTeamCountry "CZE"]

1. e4 e5 2. Nf3 Nc6 3. c3 Nf6 4. d4 Nxe4 5. d5 Nb8 6. Bd3 Nc5 7. Nxe5 Nxd3+ 8.
Nxd3 d6 9. O-O Be7 10. Be3 O-O 11. Nd2 Nd7 12. Nb3 Nf6 13. c4 Ng4 14. Bf4 Bf6
15. h3 Ne5 16. Bxe5 Bxe5 17. Nxe5 dxe5 18. Re1 Qg5 19. Re3 b6 20. Qe2 f6 21.
Rd1 Bb7 22. c5 Rad8 23. Qc4 Qh5 24. Red3 Qf7 25. c6 Bc8 26. Qa4 a5 27. Qb5 Bf5
28. R3d2 Rd6 29. a4 Rfd8 30. Qc4 h6 31. Nc1 Kh8 32. Ne2 Bh7 33. Nc3 Bg8 34. b4
axb4 35. Qxb4 Qf8 36. Nb5 Qe7 37. Nxd6 Qxd6 38. Qxd6 Rxd6 39. Kf1 Bf7 40. Ke2
Kg8 41. Ke3 Kf8 42. f4 exf4+ 43. Kxf4 Ke7 44. Re1+ Kf8 45. Ke4 Rd8 46. Red1 Ke7
47. d6+ cxd6 48. Rb2 Ra8 49. Rd4 d5+ 50. Kf3 Kd6 51. Rdb4 Kxc6 52. Rxb6+ Kc5
53. Rb7 Be8 54. Rxg7 Rxa4 55. Re7 Bc6 56. Re6 d4+ 57. Kf2 d3 58. Ke3 h5 59.
Rxf6 1-0

[Event "HUN-chT2 Breyer 0809"]
[Site "Hungary"]
[Date "2009.02.08"]
[Round "7"]
[White "Szinavel, Zsolt"]
[Black "Lugasi, Zoltan"]
[Result "1-0"]
[WhiteElo "2145"]
[BlackElo "2081"]
[PlyCount "55"]
[EventDate "2008.10.26"]
[EventType "team-tourn"]
[EventRounds "11"]
[EventCountry "HUN"]
[SourceTitle "EXT 2010"]
[Source "ChessBase"]
[SourceDate "2009.11.30"]
[SourceVersion "1"]
[SourceVersionDate "2009.11.30"]
[SourceQuality "1"]
[WhiteTeam "Kisber Aszar"]
[BlackTeam "Geniusz Tata"]
[WhiteTeamCountry "HUN"]
[BlackTeamCountry "HUN"]

1. e4 e5 2. Nf3 Nc6 3. c3 d5 4. Qa4 f6 5. Bb5 Nge7 6. d3 Bd7 7. Be3 a6 8. Bxc6
Bxc6 9. Qc2 g6 10. Nbd2 Bg7 11. O-O-O f5 12. Bc5 O-O 13. exd5 Bxd5 14. Rhe1 b6
15. Ba3 c5 16. Nxe5 Bxg2 17. f3 f4 18. Qb3+ Kh8 19. Nf7+ Rxf7 20. Qxf7 Nf5 21.
Re2 Bh3 22. Nc4 Ne3 23. Nxe3 fxe3 24. Rxe3 Bh6 25. f4 Bf5 26. Re7 Bxf4+ 27. Kc2
Qg8 28. Qf6+ 1-0

[Event "BCF-chT3 0809 (4NCL)"]
[Site "Hinckley Island"]
[Date "2009.02.08"]
[Round "6.3"]
[White "Doran, Michael J"]
[Black "Hawkins, James Nick"]
[Result "1/2-1/2"]
[WhiteElo "1855"]
[BlackElo "2031"]
[PlyCount "31"]
[EventDate "2008.10.18"]
[EventType "team-swiss"]
[EventRounds "11"]
[EventCountry "ENG"]
[SourceTitle "EXT 2010"]
[Source "ChessBase"]
[SourceDate "2009.11.30"]
[SourceVersion "1"]
[SourceVersionDate "2009.11.30"]
[SourceQuality "1"]
[WhiteTeam "Halesowen"]
[BlackTeam "Mindsports"]
[WhiteTeamCountry "ENG"]
[BlackTeamCountry "ENG"]

1. e4 e5 2. Nf3 Nc6 3. c3 d5 4. Bb5 dxe4 5. Nxe5 Qd5 6. Qa4 Nge7 7. Nxc6 Nxc6
8. O-O Bf5 9. c4 Qd7 10. Nc3 O-O-O 11. d4 exd3 12. Be3 Qd6 13. Nd5 Qg6 14. Nf4
Qd6 15. c5 Qf6 16. Rfd1 1/2-1/2

[Event "FICS rated standard game"]
[Site "FICS freechess.org"]
[Date "2009.02.08"]
[Round "?"]
[White "BlinkingSpirit"]
[Black "nicoaleman"]
[Result "0-1"]
[WhiteElo "2085"]
[BlackElo "2301"]
[PlyCount "70"]
[EventDate "2009.??.??"]
[SourceTitle "OM Portal C 201906"]
[Source "Opening Master"]
[SourceDate "2019.06.27"]
[SourceVersion "1"]
[SourceVersionDate "2019.06.27"]
[SourceQuality "1"]

1. e4 e5 2. Nf3 Nc6 3. c3 Nf6 4. d4 Nxe4 5. d5 Ne7 6. Nxe5 Ng6 7. Nc4 Bc5 8.
Be3 Bxe3 9. Nxe3 O-O 10. Bd3 Re8 11. Bxe4 Rxe4 12. Nd2 Re8 13. d6 b6 14. O-O
Ba6 15. Re1 c5 16. Nd5 Rxe1+ 17. Qxe1 Qg5 18. Nc7 Bb7 19. Ne4 Bxe4 20. Qxe4 Rd8
21. Rd1 Qf4 22. Qxf4 Nxf4 23. Kf1 g5 24. g3 Ne6 25. Ke2 Kg7 26. Kf3 Rc8 27. Nd5
Re8 28. Ne7 h6 29. b4 cxb4 30. cxb4 Kf6 31. b5 Rh8 32. h3 Nc5 33. Re1 Nb7 34.
Nd5+ Kg7 35. Re7 Rd8 0-1

[Event "Open 2010 D"]
[Site "Moscow"]
[Date "2009.02.07"]
[Round "9.22"]
[White "Bolshagin, Valery"]
[Black "Malinichev, Konstantin"]
[Result "1/2-1/2"]
[WhiteElo "2100"]
[BlackElo "2282"]
[PlyCount "59"]
[EventDate "2009.01.30"]
[EventType "tourn"]
[EventCountry "RUS"]
[SourceTitle "OM OTB B 201907"]
[Source "Opening Master"]
[SourceDate "2019.07.06"]
[SourceVersion "2"]
[SourceVersionDate "2019.07.06"]
[SourceQuality "1"]

1. e4 e5 2. Nf3 Nc6 3. c3 Nf6 4. d4 Nxe4 5. d5 Nb8 6. Nxe5 Be7 7. Bd3 Nf6 8. c4
d6 9. Nf3 Bg4 10. h3 Bh5 11. O-O O-O 12. Re1 Nbd7 13. g4 Bg6 14. Bxg6 hxg6 15.
Nc3 a5 16. b3 Nh7 17. Bb2 Ng5 18. Nxg5 Bxg5 19. Ne4 Bf4 20. Qd3 Be5 21. Bxe5
Nxe5 22. Qg3 g5 23. Nxg5 Qxg5 24. f4 Qf6 25. fxe5 dxe5 26. Qxe5 Qb6+ 27. Qe3
Qd6 28. Kg2 a4 29. Rad1 axb3 30. axb3 1/2-1/2

[Event "Muensterland Verbandsklasse-A 0809"]
[Site "Germany"]
[Date "2009.02.07"]
[Round "6.4"]
[White "Webner, Dennis"]
[Black "Sprenger, Franz"]
[Result "1-0"]
[WhiteElo "1856"]
[BlackElo "1723"]
[PlyCount "35"]
[EventDate "2008.09.13"]
[EventType "team-tourn"]
[EventRounds "9"]
[EventCountry "GER"]
[SourceTitle "EXT 2010"]
[Source "ChessBase"]
[SourceDate "2009.11.30"]
[SourceVersion "1"]
[SourceVersionDate "2009.11.30"]
[SourceQuality "1"]
[WhiteTeam "Nienberge"]
[BlackTeam "Gronau II"]
[WhiteTeamCountry "GER"]
[BlackTeamCountry "GER"]

1. e4 e5 2. Nf3 Nc6 3. c3 f5 4. d4 fxe4 5. Nxe5 Nf6 6. Bg5 d6 7. Nxc6 bxc6 8.
d5 Bb7 9. Bxf6 Qxf6 10. Qa4 Kd7 11. Ba6 Qg5 12. Bxb7 Qc1+ 13. Qd1 Qxb2 14.
Bxc6+ Kd8 15. O-O h5 16. Nd2 Rc8 17. Nxe4 Be7 18. Qf3 1-0

[Event "Nova Gorica op-B 14th"]
[Site "Nova Gorica"]
[Date "2009.02.06"]
[Round "8"]
[White "Brank, Bine"]
[Black "Biti, Ana"]
[Result "1/2-1/2"]
[WhiteElo "1617"]
[BlackElo "2109"]
[PlyCount "103"]
[EventDate "2009.01.31"]
[EventType "swiss"]
[EventRounds "9"]
[EventCountry "SLO"]
[SourceTitle "EXT 2011"]
[Source "ChessBase"]
[SourceDate "2010.11.26"]
[SourceVersion "1"]
[SourceVersionDate "2010.11.26"]
[SourceQuality "1"]

1. e4 e5 2. Nf3 Nc6 3. c3 Nf6 4. d4 exd4 5. e5 Ne4 6. cxd4 Bb4+ 7. Bd2 Nxd2 8.
Nbxd2 d6 9. Bb5 O-O 10. O-O Bg4 11. h3 Nxd4 12. hxg4 Nxb5 13. Qa4 Bxd2 14. Qxb5
Bf4 15. exd6 Bxd6 16. Qxb7 Qd7 17. Qe4 Rfe8 18. Qc4 Rab8 19. b3 Rb4 20. Qa6
Rxg4 21. Rfe1 Rxe1+ 22. Rxe1 h6 23. Qxa7 Qf5 24. Nd4 Qf4 25. Qa8+ Kh7 26. Nf3
Bc5 27. Qd5 Bb6 28. Kf1 Rg6 29. Qe4 Qxe4 30. Rxe4 Rc6 31. Rc4 Rf6 32. Rc2 g5
33. a4 Rf4 34. Ne5 Rb4 35. Rc3 Rf4 36. Rf3 Rxf3 37. Nxf3 Kg7 38. b4 Kf6 39. Ke2
Ke6 40. Ne1 Kd5 41. Nd3 f5 42. a5 Bd4 43. b5 Kc4 44. b6 cxb6 45. axb6 Bxb6 46.
Ne5+ Kd5 47. Nf7 Ke6 48. Nxh6 g4 49. g3 Bc7 50. Nxg4 Bxg3 51. Ne3 Bxf2 52. Nxf5
1/2-1/2

[Event "Nova Gorica op-B 14th"]
[Site "Nova Gorica"]
[Date "2009.02.06"]
[Round "8"]
[White "Lucovnik, Tilen"]
[Black "Tiselj, Peter"]
[Result "1-0"]
[WhiteElo "1587"]
[BlackElo "1500"]
[PlyCount "131"]
[EventDate "2009.01.31"]
[EventType "swiss"]
[EventRounds "9"]
[EventCountry "SLO"]
[SourceTitle "EXT 2011"]
[Source "ChessBase"]
[SourceDate "2010.11.26"]
[SourceVersion "1"]
[SourceVersionDate "2010.11.26"]
[SourceQuality "1"]

1. e4 e5 2. Nf3 Nc6 3. c3 Bc5 4. b4 Bb6 5. b5 Nce7 6. Nxe5 d6 7. Nc4 Nf6 8.
Nxb6 cxb6 9. d3 d5 10. e5 Nfg8 11. d4 Bd7 12. Qf3 Nh6 13. Bxh6 gxh6 14. Qf6 Ng6
15. Qxd8+ Rxd8 16. g3 O-O 17. a4 a6 18. bxa6 bxa6 19. Bxa6 Ra8 20. Bb7 Ra5 21.
c4 dxc4 22. Nc3 b5 23. Be4 bxa4 24. Kd2 Rd8 25. Nd5 Bc6 26. Nf6+ Kg7 27. Nh5+
Kg8 28. Bxc6 Rxd4+ 29. Kc2 Rxe5 30. Nf4 Nxf4 31. gxf4 Rxf4 32. Rhg1+ Kf8 33. f3
Re2+ 34. Kc3 Rxh2 35. Rxa4 Rhh4 36. Be4 Ke7 37. Rg7 Kf8 38. Rg2 Ke7 39. Ra7+
Ke6 40. Rb2 Kf6 41. Rbb7 Kg7 42. Bd5 h5 43. Rxf7+ Rxf7 44. Rxf7+ Kg6 45. Rc7
Rh3 46. Be4+ Kg5 47. Rxh7 h4 48. Kxc4 Kf4 49. Kd3 Kg3 50. Ke3 Kg2 51. Rg7+ Rg3
52. Rxg3+ Kxg3 53. f4 Kg4 54. f5 Kg5 55. Kf3 h3 56. Kg3 h2 57. Kxh2 Kf6 58. Kg3
Kg5 59. Kf3 Kf6 60. Kf4 Kf7 61. Kg5 Kg7 62. f6+ Kg8 63. Kg6 Kh8 64. Bf3 Kg8 65.
f7+ Kf8 66. Bh1 1-0

[Event "Nova Gorica op-B 14th"]
[Site "Nova Gorica"]
[Date "2009.02.05"]
[Round "7"]
[White "Omerzel, Nikola"]
[Black "Cokan, Mirko"]
[Result "1/2-1/2"]
[WhiteElo "1754"]
[BlackElo "1886"]
[PlyCount "48"]
[EventDate "2009.01.31"]
[EventType "swiss"]
[EventRounds "9"]
[EventCountry "SLO"]
[SourceTitle "EXT 2011"]
[Source "ChessBase"]
[SourceDate "2010.11.26"]
[SourceVersion "1"]
[SourceVersionDate "2010.11.26"]
[SourceQuality "1"]

1. e4 e5 2. Nf3 Nc6 3. c3 Nf6 4. Qa4 Be7 5. Bb5 d6 6. Bxc6+ bxc6 7. Qxc6+ Bd7
8. Qc4 O-O 9. Qe2 Re8 10. h3 Rb8 11. d3 h6 12. Be3 Rb7 13. Qd2 Bf8 14. c4 c6
15. Nc3 d5 16. cxd5 cxd5 17. exd5 e4 18. Nd4 exd3 19. O-O Bc8 20. b3 Nxd5 21.
Nxd5 Qxd5 22. Qxd3 Rd7 23. Qc4 Qh5 24. Nf3 Bb7 1/2-1/2

[Event "Nova Gorica op-B 14th"]
[Site "Nova Gorica"]
[Date "2009.02.05"]
[Round "6"]
[White "Jaksa, Cvetko"]
[Black "Picco, Ruggero"]
[Result "1-0"]
[WhiteElo "1999"]
[BlackElo "2099"]
[PlyCount "69"]
[EventDate "2009.01.31"]
[EventType "swiss"]
[EventRounds "9"]
[EventCountry "SLO"]
[SourceTitle "EXT 2011"]
[Source "ChessBase"]
[SourceDate "2010.11.26"]
[SourceVersion "1"]
[SourceVersionDate "2010.11.26"]
[SourceQuality "1"]

1. e4 e5 2. Nf3 Nc6 3. c3 d5 4. Qa4 dxe4 5. Nxe5 Qd5 6. Nxc6 bxc6 7. Bc4 Qd6 8.
d3 exd3 9. O-O Be6 10. Bxd3 Nf6 11. Rd1 Qd7 12. Ba6 Bd6 13. Bb7 O-O 14. Bxc6
Qc8 15. Bxa8 Qxa8 16. Bg5 Ne4 17. Bh4 Qb7 18. Nd2 Nc5 19. Qc2 Bd5 20. f3 f5 21.
b4 Ne6 22. c4 Bc6 23. c5 Be5 24. Rab1 Nd4 25. Qc4+ Bd5 26. Qd3 Bxa2 27. Nc4
Bxb1 28. Rxb1 Qd5 29. Rd1 g5 30. Nxe5 Qxe5 31. Bxg5 Ne6 32. Qc4 Kg7 33. Bh4 Rf7
34. Bf2 Kg6 35. Re1 1-0

[Event "Nova Gorica op-B 14th"]
[Site "Nova Gorica"]
[Date "2009.02.05"]
[Round "6"]
[White "Lucovnik, Tilen"]
[Black "Bjelovuk, Marko"]
[Result "1-0"]
[WhiteElo "1587"]
[BlackElo "1500"]
[PlyCount "45"]
[EventDate "2009.01.31"]
[EventType "swiss"]
[EventRounds "9"]
[EventCountry "SLO"]
[SourceTitle "EXT 2011"]
[Source "ChessBase"]
[SourceDate "2010.11.26"]
[SourceVersion "1"]
[SourceVersionDate "2010.11.26"]
[SourceQuality "1"]

1. e4 e5 2. Nf3 Nc6 3. c3 Nf6 4. d4 exd4 5. e5 Ng4 6. cxd4 d6 7. Bb5 dxe5 8. h3
Nf6 9. Nxe5 Qd6 10. Nc3 a6 11. Bxc6+ bxc6 12. Be3 Qb4 13. Qc2 Bf5 14. Qxf5 Qxb2
15. Rc1 Bb4 16. Qc2 Bxc3+ 17. Qxc3 Qb5 18. Qxc6+ Qxc6 19. Rxc6 Nd5 20. O-O O-O
21. Rb1 Nc3 22. Rxc3 h6 23. Rxc7 1-0

[Event "FICGS__CHESS__WCH_STAGE_1_GROUP_05__000"]
[Site "FICGS"]
[Date "2009.02.03"]
[Round "1"]
[White "Laine, Jari"]
[Black "Bromo, Alexis"]
[Result "1-0"]
[WhiteElo "1861"]
[BlackElo "1519"]
[PlyCount "43"]
[EventDate "2009.??.??"]
[SourceTitle "OM Corr 202003"]
[Source "Opening Master"]
[SourceDate "2019.05.30"]
[SourceVersion "2"]
[SourceVersionDate "2019.05.30"]
[SourceQuality "1"]

1. e4 e5 2. Nf3 Nc6 3. c3 Nf6 4. d4 d6 5. Be3 h6 6. h3 Nxe4 7. d5 Ne7 8. Qa4+
Bd7 9. Qxe4 f5 10. Qc4 b5 11. Qb3 a6 12. c4 c6 13. dxc6 Bxc6 14. cxb5 Bd5 15.
Bc4 Bxc4 16. Qxc4 axb5 17. Qxb5+ Kf7 18. Nc3 Rb8 19. Qc4+ Ke8 20. Rd1 Ng6 21.
Qe6+ Ne7 22. Nxe5 1-0

[Event "FICGS__CHESS__WCH_STAGE_1_GROUP_14__000"]
[Site "FICGS"]
[Date "2009.02.03"]
[Round "1"]
[White "Segovia, Didier"]
[Black "Bellegotti, Giorgio"]
[Result "0-1"]
[WhiteElo "835"]
[BlackElo "1984"]
[PlyCount "36"]
[EventDate "2009.??.??"]

1. e4 e5 2. Nf3 Nc6 3. c3 d5 4. Bb5 dxe4 5. Nxe5 Qg5 6. Bxc6+ bxc6 7. Nxf7 Qxg2
8. Rf1 Ba6 9. d3 Bxd3 10. Nd2 Kxf7 11. Nxe4 Qxf1+ 12. Kd2 Qxd1+ 13. Kxd1 Bxe4
14. Be3 Nf6 15. Bd4 Rd8 16. Ke2 c5 17. Be3 Bd6 18. Rd1 Bxh2 0-1

[Event "Osijek op"]
[Site "Osijek"]
[Date "2009.02.02"]
[Round "4"]
[White "Zorman, Antun"]
[Black "Vurdelja, Slavko"]
[Result "1/2-1/2"]
[WhiteElo "1986"]
[BlackElo "2085"]
[PlyCount "85"]
[EventDate "2009.01.31"]
[EventType "swiss"]
[EventRounds "9"]
[EventCountry "CRO"]
[SourceTitle "EXT 2010"]
[Source "ChessBase"]
[SourceDate "2009.11.30"]
[SourceVersion "1"]
[SourceVersionDate "2009.11.30"]
[SourceQuality "1"]

1. e4 e5 2. Nf3 Nc6 3. c3 Be7 4. Bc4 Nf6 5. d3 O-O 6. a4 d6 7. h3 Be6 8. Bxe6
fxe6 9. Qb3 Qd7 10. O-O Nd8 11. Be3 c5 12. Nbd2 Nh5 13. g3 b6 14. Rac1 Kh8 15.
Kg2 Qe8 16. d4 exd4 17. cxd4 Qg6 18. dxc5 bxc5 19. e5 Rc8 20. exd6 Bxd6 21. Nh4
Qe8 22. Ne4 Qc6 23. f3 c4 24. Qc2 Nf7 25. Nxd6 Qxd6 26. f4 g5 27. Qe4 gxh4 28.
Rf3 Nxg3 29. Rxg3 hxg3 30. Bd4+ Kg8 31. Rc3 e5 32. Rxg3+ Kh8 33. fxe5 Qe6 34.
Qg4 Ng5 35. Qxg5 Rg8 36. Qf6+ Qxf6 37. exf6 Rxg3+ 38. Kxg3 Kg8 39. Bxa7 Ra8 40.
Bd4 Rxa4 41. Kg4 Ra5 42. Kf4 Kf7 43. h4 1/2-1/2

[Event "Eger Tel op"]
[Site "Eger"]
[Date "2009.02.01"]
[Round "7"]
[White "Papp Zoltan, Csaba"]
[Black "Szell, Lajos"]
[Result "1-0"]
[WhiteElo "2298"]
[BlackElo "2117"]
[PlyCount "95"]
[EventDate "2009.01.29"]
[EventType "swiss"]
[EventRounds "7"]
[EventCountry "HUN"]
[SourceTitle "EXT 2011"]
[Source "ChessBase"]
[SourceDate "2010.11.26"]
[SourceVersion "1"]
[SourceVersionDate "2010.11.26"]
[SourceQuality "1"]

1. e4 e5 2. Nf3 Nc6 3. c3 Nf6 4. d4 Nxe4 5. d5 Ne7 6. Nxe5 Ng6 7. Nxg6 hxg6 8.
Be3 Bc5 9. Bxc5 Nxc5 10. Qd4 Qe7+ 11. Kd1 O-O 12. b4 Na4 13. h4 Qf6 14. Qxf6
gxf6 15. Kc2 d6 16. Na3 Nb6 17. c4 Bd7 18. Bd3 a5 19. b5 Na4 20. h5 Kg7 21. Nb1
Rh8 22. Nd2 Nc5 23. hxg6 fxg6 24. Rxh8 Rxh8 25. Nb3 Rh2 26. Nxc5 dxc5 27. Be4
b6 28. d6 Rh4 29. f3 f5 30. Bc6 Bxc6 31. bxc6 cxd6 32. c7 Rh8 33. Rd1 Rc8 34.
Rxd6 Rxc7 35. Rxb6 Re7 36. Kd3 Rd7+ 37. Kc3 Re7 38. Kd3 Rd7+ 39. Ke3 Rd4 40.
Ra6 Rxc4 41. Rxa5 Kf6 42. Kd3 Rc1 43. Ra6+ Kg5 44. Ra4 Rg1 45. g4 fxg4 46.
Rxg4+ Rxg4 47. fxg4 Kxg4 48. a4 1-0

[Event "Oberliga Ost-B 0809"]
[Site "Germany"]
[Date "2009.01.31"]
[Round "6.7"]
[White "Fleuch, Hans Juergen"]
[Black "Schaper, Bjoern"]
[Result "1/2-1/2"]
[WhiteElo "2123"]
[BlackElo "2132"]
[PlyCount "49"]
[EventDate "2008.10.26"]
[EventType "team-tourn"]
[EventRounds "11"]
[EventCountry "GER"]
[SourceTitle "EXT 2010"]
[Source "ChessBase"]
[SourceDate "2009.11.30"]
[SourceVersion "1"]
[SourceVersionDate "2009.11.30"]
[SourceQuality "1"]
[WhiteTeam "Hungen Lich"]
[BlackTeam "Steinbach"]
[WhiteTeamCountry "GER"]
[BlackTeamCountry "GER"]

1. e4 e5 2. Nf3 Nc6 3. c3 Nf6 4. Bd3 Be7 5. Bc2 d5 6. d3 Bg4 7. Qe2 O-O 8. h3
Bh5 9. O-O a6 10. Re1 d4 11. g4 Bg6 12. Nh4 Nd7 13. Nxg6 fxg6 14. Nd2 Bc5 15.
c4 Qf6 16. Kg2 Rf7 17. a3 Raf8 18. Rf1 a5 19. Ba4 Nb6 20. Bxc6 Qxc6 21. Nb3 a4
22. Na5 Qe6 23. Nxb7 Be7 24. Na5 Nd7 25. b4 1/2-1/2

[Event "Nova Gorica op-B 14th"]
[Site "Nova Gorica"]
[Date "2009.01.31"]
[Round "2"]
[White "Jaksa, Cvetko"]
[Black "Pecchiari, Alberto"]
[Result "1-0"]
[WhiteElo "1999"]
[BlackElo "1419"]
[PlyCount "57"]
[EventDate "2009.01.31"]
[EventType "swiss"]
[EventRounds "9"]
[EventCountry "SLO"]
[SourceTitle "EXT 2011"]
[Source "ChessBase"]
[SourceDate "2010.11.26"]
[SourceVersion "1"]
[SourceVersionDate "2010.11.26"]
[SourceQuality "1"]

1. e4 e5 2. Nf3 Nc6 3. c3 d5 4. Qa4 dxe4 5. Nxe5 Bd7 6. Nxd7 Qxd7 7. Qxe4+ Qe7
8. Qxe7+ Ngxe7 9. d4 O-O-O 10. Bc4 Nd5 11. O-O Be7 12. a4 f5 13. a5 g5 14. Bb5
Nb8 15. Nd2 Bf6 16. Nb3 c6 17. Bc4 Rhe8 18. Bd2 Re7 19. g3 Rde8 20. Bd3 f4 21.
c4 Nc7 22. gxf4 gxf4 23. Bxf4 Ne6 24. Bf5 Nd7 25. Be3 Ng5 26. Nc5 Rg8 27. Kh1
Nf3 28. Nxd7 Rxd7 29. Rfd1 1-0

[Event "Nova Gorica op-B 14th"]
[Site "Nova Gorica"]
[Date "2009.01.31"]
[Round "2"]
[White "Leban, Andrej"]
[Black "Vivoda, Sergio"]
[Result "0-1"]
[WhiteElo "1500"]
[BlackElo "1838"]
[PlyCount "100"]
[EventDate "2009.01.31"]
[EventType "swiss"]
[EventRounds "9"]
[EventCountry "SLO"]
[SourceTitle "EXT 2011"]
[Source "ChessBase"]
[SourceDate "2010.11.26"]
[SourceVersion "1"]
[SourceVersionDate "2010.11.26"]
[SourceQuality "1"]

1. e4 e5 2. Nf3 Nc6 3. c3 Nf6 4. d4 d5 5. Bb5 Nxe4 6. Nxe5 Bd7 7. Nxd7 Qxd7 8.
O-O O-O-O 9. Nd2 Nd6 10. Bxc6 Qxc6 11. Nf3 f6 12. a4 h5 13. Nh4 Qe8 14. Re1 Qf7
15. Qd3 Re8 16. Bd2 Re4 17. Rxe4 dxe4 18. Qh3+ Qd7 19. Qxd7+ Kxd7 20. Ng6 Rg8
21. Nxf8+ Rxf8 22. Kf1 Nc4 23. Bf4 Nxb2 24. Rb1 Nd3 25. Bg3 b6 26. Ke2 g5 27.
h3 h4 28. Bh2 Nf4+ 29. Bxf4 gxf4 30. Rb5 f5 31. Rd5+ Ke6 32. Re5+ Kf6 33. g4
fxg4 34. hxg4 Rh8 35. Rf5+ Kg6 36. Kf1 h3 37. Kg1 h2+ 38. Kh1 e3 39. fxe3 fxe3
40. Rf3 Re8 41. Rf1 Kg5 42. Kxh2 Kxg4 43. Kg2 Re4 44. Re1 Re8 45. Re2 Kf4 46.
Kf1 Rh8 47. Rg2 Kf3 48. Rg1 Rh2 49. Ke1 Ra2 50. Rf1+ Ke4 0-1

[Event "FICS rated standard game"]
[Site "FICS freechess.org"]
[Date "2009.01.31"]
[Round "?"]
[White "BlinkingSpirit"]
[Black "diegodon"]
[Result "1/2-1/2"]
[WhiteElo "2077"]
[BlackElo "2055"]
[PlyCount "27"]
[EventDate "2009.??.??"]
[SourceTitle "OM Portal C 201906"]
[Source "Opening Master"]
[SourceDate "2019.06.27"]
[SourceVersion "1"]
[SourceVersionDate "2019.06.27"]
[SourceQuality "1"]

1. e4 e5 2. Nf3 Nc6 3. c3 d5 4. Qa4 Qd6 5. Bb5 Bd7 6. d4 dxe4 7. Nxe5 Nxe5 8.
dxe5 Bxb5 9. Qxb5+ Qc6 10. Qxc6+ bxc6 11. Be3 Ne7 12. Nd2 Ng6 13. Nxe4 Nxe5 14.
O-O-O 1/2-1/2

[Event "OP-00734"]
[Site "LSS"]
[Date "2009.01.30"]
[Round "?"]
[White "Segovia, Didier"]
[Black "Znak, Nicholas"]
[Result "0-1"]
[WhiteElo "453"]
[BlackElo "781"]
[PlyCount "55"]
[EventDate "2009.01.29"]

1. e4 e5 2. Nf3 Nc6 3. c3 Nf6 4. d3 d5 5. Bg5 Be7 6. Qc2 dxe4 7. Bxf6 Bxf6 8.
dxe4 O-O 9. Be2 Be7 10. O-O Bc5 11. Nbd2 Re8 12. b4 Bd6 13. a3 a6 14. Rfd1 Qf6
15. Nc4 Be7 16. Ne3 b6 17. Nd5 Qh6 18. Nxc7 Bg5 19. Nxe8 Bf4 20. g3 Bg4 21. Nc7
Rc8 22. Nd5 Bh3 23. Bf1 Bg4 24. gxf4 Bxf3 25. Ne3 Qg6+ 26. Bg2 h5 27. f5 Qg5
28. Kh1 0-1

[Event "OP-2009-0-00734"]
[Site "Lechenicher SchachServer"]
[Date "2009.01.30"]
[Round "?"]
[White "Segovia, Didier"]
[Black "Znak, Nicholas"]
[Result "0-1"]
[WhiteElo "476"]
[BlackElo "827"]
[PlyCount "61"]
[EventDate "2009.01.29"]

1. e4 e5 2. Nf3 Nc6 3. c3 Nf6 4. d3 d5 5. Bg5 Be7 6. Qc2 dxe4 7. Bxf6 Bxf6 8.
dxe4 O-O 9. Be2 Be7 10. O-O Bc5 11. Nbd2 Re8 12. b4 Bd6 13. a3 a6 14. Rfd1 Qf6
15. Nc4 Be7 16. Ne3 b6 17. Nd5 Qh6 18. Nxc7 Bg5 19. Nxe8 Bf4 20. g3 Bg4 21. Nc7
Rc8 22. Nd5 Bh3 23. Bf1 Bg4 24. gxf4 Bxf3 25. Ne3 Qg6+ 26. Bg2 h5 27. f5 Qg5
28. Kh1 Nd4 29. Qd3 Rf8 30. h4 Qf4 31. Qd2 {Qf3+} 0-1

[Event "FICGS__CHESS__CLASS_G__000027"]
[Site "FICGS"]
[Date "2009.01.28"]
[Round "1"]
[White "Segovia, Didier"]
[Black "Neil, Charlie"]
[Result "0-1"]
[WhiteElo "835"]
[BlackElo "1142"]
[PlyCount "94"]
[EventDate "2009.??.??"]

1. e4 e5 2. Nf3 Nc6 3. c3 d5 4. exd5 Qxd5 5. Na3 Bg4 6. Be2 Nf6 7. Bb5 e4 8. h3
exf3 9. hxg4 fxg2 10. Rg1 O-O-O 11. Be2 Qe4 12. f3 Qe5 13. Rxg2 Qg5 14. d4 Qh4+
15. Rf2 Bd6 16. Be3 Bg3 17. Nc4 Rhe8 18. Qd3 Qh1+ 19. Kd2 Qxa1 20. Rf1 Qxa2 21.
Qf5+ Kb8 22. g5 Nd5 23. Rg1 Nxe3 24. Nxe3 Qxb2+ 25. Kd3 Rxe3+ 26. Kxe3 Qxc3+
27. Qd3 Qxd3+ 28. Bxd3 Re8+ 29. Kd2 Bf4+ 30. Kc3 g6 31. Rh1 Rh8 32. Rb1 Rd8 33.
Ba6 b6 34. Rh1 Bxg5 35. Rxh7 Nxd4 36. Rxf7 Ne6 37. Kc4 Nc5 38. Bb5 Bd2 39. Rg7
g5 40. Rg6 Rf8 41. Rg7 Rxf3 42. Bc6 Rf8 43. Kb5 a6+ 44. Kc4 a5 45. Rg6 a4 46.
Kb5 a3 47. Rg7 a2 0-1